000 02212cam a22004574i 4500
003 PE-LiUPU
005 20250731184521.0
008 150617s r 000 0 d
035 _a(Sirsi) a18725
040 _aPE-LiUPU
_bspa
_cPE-LiUPU
_erda
049 _aPRUA
082 0 4 _a918.508
_bD419
_221
245 0 0 _aProvincia Constitucional del Callao /
_c[director, Pedro Felipe Cortázar].
264 1 _aLima :
_bIOPPE,
_c1986.
300 _a159 páginas :
_bilustraciones, mapas, retratos ;
_c21 cm.
336 _atext
_2rdacontent
337 _aunmediated
_2rdamedia
338 _avolume
_2rdacarrier
490 0 _aDocumental del Perú. Enciclopedia Nacional Básica ;
_v24
505 0 _aUna pequeña gran tierra -- Un desafío entre la tierra y el mar -- La isla San Lorenzo -- La Fortaleza del Real Felipe -- La ciudad del Callao -- La Perla, Ventanilla, Carmen de la Legua - Reynoso, Bellavista -- La Punta -- Platos típicos -- El Puerto del Callao -- El Aeropueto Internacional -- La Marina Mercante Peruana -- La primera base naval -- La Armada Peruana -- Emporio industrial - Comercial y pobreza social -- Educación, salud y desempleo -- Proyecto de la Universidad Técnica del Callao -- Los hombres del río Chillón -- Las etnias del valle Chillón -- El taller paleolítico de Chivateros -- La huaca Garagal -- Remotero etnohistórica -- Síntesis histórica -- Expediciones científicas -- Personajes.
526 _aP136
526 _aP135
526 _aP134
526 _aP133
526 _aP144
526 _aP143
526 _aP87
526 _aP35
526 _aP20
526 _aP14
526 _aP10
526 _aP06
651 1 8 _aCallao (Perú : Provincia Constitucional)
_xDescripciones y viajes.
_95153
651 1 8 _aCallao (Perú : Provincia Constitucional)
_xHistoria.
_95154
651 1 8 _aCallao (Perú : Provincia Constitucional)
_xVida y costumbres sociales.
_95155
700 1 _aCortázar, Pedro Felipe,
_edirector.
910 _ajck
942 _2ddc
_cBK
949 _wDEWEY
_c1
_i27744
_lCCODEBUL1
_mBUL
_p00.00
_r0
_sY
_tBOOK
_u2015-04-22
_xEDUCACION
_zUNKNOWN
_0COMPRA
_o.STAFF. Colección General
980 _81
_gALBERTO SANCHEZ Responsable de Automatización
999 _c18448
_d18448